Three sonatas for violin and piano /

Bibliographic Details
Main Author: Delius, Frederick, 1862-1934
Other Authors: Wiłkomirska, Wanda, 1929-2018 (Performer), Garvey, David, 1922-1995 (Performer)
Format: CD Audio
Language:No linguistic content
Published: New York : Connoisseur Society, [1974]
Subjects:

MARC

Tag First Indicator Second Indicator Subfields
LEADER 00000cjm a2200000Ii 4500
001 in00004565249
008 770801s1974 nyusnnn efhi n zxx d
007 sd bsmenn|||ne
005 20220425140503.7
035 |a (OCoLC)ocm03152822  
035 |a (OCoLC)ocm03152822  
040 |a CGP  |b eng  |e rda  |c CGP  |d OCLCQ  |d OCLCG  |d IAD  |d OCLCQ  |d NUI  |d OCLCF  |d INU  |d OCLCQ  |d ALL  |d OCLCA  |d MNS  |d OCLCQ  |d OCLCA  |d ORU  |d UMK  |d OCLCO 
019 |a 26692292 
028 0 2 |a CSQ 2069  |b Connoisseur Society 
035 |a (OCoLC)3152822  |z (OCoLC)26692292 
041 0 |g eng 
045 |a x0x3 
048 |a sa01  |a ka01 
050 4 |a M219.D46  |b A2W5 
082 1 4 |a 781.3  |b D371 1 
100 1 |a Delius, Frederick,  |d 1862-1934. 
240 1 0 |a Sonatas,  |m violin, piano,  |n no. 1-3 
245 0 0 |a Three sonatas for violin and piano /  |c Delius. 
264 1 |a New York :  |b Connoisseur Society,  |c [1974] 
264 4 |c ℗1974 
300 |a 1 audio disc ;  |c 12 in. 
306 |a 002300  |a 001311  |a 001756 
336 |a performed music  |b prm  |2 rdacontent 
337 |a audio  |b s  |2 rdamedia 
338 |a audio disc  |b sd  |2 rdacarrier 
344 |a analog  |c 33 1/3 rpm  |g stereo 
380 |a Sonatas  |2 lcsh 
382 0 1 |a violin  |n 1  |a piano  |n 1  |s 2  |2 lcmpt 
383 |a no. 1-3 
511 0 |a Wanda Wilkomirska, violin ; David Garvey, piano. 
500 |a Durations: 23:00; 13:11; 17:56. 
500 |a Program notes by M. Bookspan in English on container. 
505 0 0 |t No. 1  |g (1905-15 : 23:00) --  |t No. 2  |g (1924 : 13:11) --  |t No. 3  |g (1930 : 17:56). 
650 0 |a Sonatas (Violin and piano) 
650 7 |a Sonatas (Violin and piano)  |2 fast  |0 (OCoLC)fst01126023 
655 7 |a Sonatas.  |2 lcgft 
655 7 |a Chamber music.  |2 fast  |0 (OCoLC)fst01726551 
655 7 |a Sonatas.  |2 fast  |0 (OCoLC)fst01920363 
655 7 |a Chamber music.  |2 lcgft 
700 1 |a Wiłkomirska, Wanda,  |d 1929-2018.  |4 prf 
700 1 |a Garvey, David,  |d 1922-1995.  |4 prf 
700 1 2 |a Delius, Frederick,  |d 1862-1934.  |t Sonatas,  |m violin, piano,  |n no. 1. 
700 1 2 |a Delius, Frederick,  |d 1862-1934.  |t Sonatas,  |m violin, piano,  |n no. 2. 
700 1 2 |a Delius, Frederick,  |d 1862-1934.  |t Sonatas,  |m violin, piano,  |n no. 3. 
994 |a Z0  |b TXA 
948 |h HELD BY TXA - 83 OTHER HOLDINGS 
999 f f |s 542fcdb5-7b8b-4699-af46-496d573c7713  |i 542fcdb5-7b8b-4699-af46-496d573c7713  |t 0 
952 f f |p ric  |a Texas A&M University  |b Rellis Campus  |c Joint Library Facility  |d Remote Storage  |t 0  |e LP-0535  |h Other scheme  |i audio -- audio disc  |m A14851288366 
998 f f |a LP-0535  |t 0  |l Remote Storage